Экспериментальный стенд для исследований процессов гидродинамического разрушения горных пород при скважинной гидродобыче железных руд Бакчарского рудопроявления; Проблемы геологии и освоения недр; Т. 2

Dades bibliogràfiques
Parent link:Проблемы геологии и освоения недр: труды XVI Международного симпозиума имени академика М. А. Усова студентов и молодых ученых, Томск, 2-7 апреля 2012 г./ Национальный исследовательский Томский политехнический университет (ТПУ), Институт природных ресурсов (ИПР) ; Общество инженеров-нефтяников, Студенческий чаптер ; под ред. О. Г. Савичева.— , 2012
Т. 2.— 2012.— [С. 331-333]
Autor principal: Шац С. В. Станислав Владимирович
Altres autors: Павлов В. В. Владимир Васильевич (научный руководитель), Бондарчук И. Б. Игорь Борисович, Рябчиков С. Я. Сергей Яковлевич
Sumari:Заглавие с титульного листа
Idioma:rus
Publicat: 2012
Col·lecció:Современные технологии и техника разведки месторождений полезных ископаемых
Matèries:
Accés en línia:http://www.lib.tpu.ru/fulltext/c/2012/C11/V2/146.pdf
Format: MixedMaterials Electrònic Capítol de llibre
KOHA link:https://koha.lib.tpu.ru/cgi-bin/koha/opac-detail.pl?biblionumber=233828

MARC

LEADER 00000naa2a2200000 4500
001 233828
005 20260120093424.0
035 |a (RuTPU)RU\TPU\book\254910 
035 |a RU\TPU\book\254898 
090 |a 233828 
100 |a 20130312d2012 k y0rusy50 ca 
101 0 |a rus 
102 |a RU 
135 |a drcn ---uucaa 
181 0 |a i  
182 0 |a b 
200 1 |a Экспериментальный стенд для исследований процессов гидродинамического разрушения горных пород при скважинной гидродобыче железных руд Бакчарского рудопроявления  |f С. В. Шац, В. В. Павлов, И. Б. Бондарчук  |g науч. рук. С. Я. Рябчиков 
203 |a Текст  |c электронный 
215 |a 1 файл (587 Кб) 
225 1 |a Современные технологии и техника разведки месторождений полезных ископаемых 
300 |a Заглавие с титульного листа 
320 |a [Библиогр.: с. 333 (5 назв.)] 
337 |a Adobe Reader 
461 1 |0 (RuTPU)RU\TPU\book\252494  |t Проблемы геологии и освоения недр  |o труды XVI Международного симпозиума имени академика М. А. Усова студентов и молодых ученых, Томск, 2-7 апреля 2012 г.  |o в 2 т.  |f Национальный исследовательский Томский политехнический университет (ТПУ), Институт природных ресурсов (ИПР) ; Общество инженеров-нефтяников, Студенческий чаптер ; под ред. О. Г. Савичева  |d 2012 
463 1 |0 (RuTPU)RU\TPU\book\252518  |t Т. 2  |v [С. 331-333]  |d 2012 
610 1 |a труды учёных ТПУ 
610 1 |a электронный ресурс 
610 1 |a экспериментальные стенды 
610 1 |a исследования 
610 1 |a разрушения 
610 1 |a гидродинамические процессы 
610 1 |a горные породы 
610 1 |a скважинная гидродобыча 
610 1 |a железные руды 
610 1 |a Бакчарское месторождение 
610 1 |a рудопроявления 
700 1 |a Шац  |b С. В.  |g Станислав Владимирович 
701 1 |a Павлов  |b В. В.  |g Владимир Васильевич 
701 1 |a Бондарчук  |b И. Б.  |c геолог  |c старший преподаватель Томского Политехнического университета  |f 1981-  |g Игорь Борисович  |3 (RuTPU)RU\TPU\pers\25748  |9 11649 
702 1 |a Рябчиков  |b С. Я.  |c горный инженер  |c профессор Томского политехнического университета, доктор технических наук  |f 1940-  |g Сергей Яковлевич  |4 727 
801 1 |a RU  |b 63413507  |c 20130205 
801 2 |a RU  |b 63413507  |c 20130312  |g RCR 
856 4 |u http://www.lib.tpu.ru/fulltext/c/2012/C11/V2/146.pdf 
942 |c CF